Confessions of a Travelling Salesman (Record no. 350712)

000 -LEADER
fixed length control field 00480nam a22001817a 4500
003 - CONTROL NUMBER IDENTIFIER
control field OSt
005 - DATE AND TIME OF LATEST TRANSACTION
control field 20180116183024.0
008 - FIXED-LENGTH DATA ELEMENTS--GENERAL INFORMATION
fixed length control field 151202b xxu||||| |||| 00| 0 eng d
020 ## - INTERNATIONAL STANDARD BOOK NUMBER
International Standard Book Number 0
040 ## - CATALOGING SOURCE
Transcribing agency 0
082 ## - DEWEY DECIMAL CLASSIFICATION NUMBER
Classification number 813.54 LEA 1973
100 ## - MAIN ENTRY--PERSONAL NAME
Personal name Timothy Lea
245 ## - TITLE STATEMENT
Title Confessions of a Travelling Salesman
Statement of responsibility, etc. Timothy Lea
260 ## - PUBLICATION, DISTRIBUTION, ETC.
Place of publication, distribution, etc. Great Britain
Name of publisher, distributor, etc. Sphere Books Limited
Date of publication, distribution, etc. 1973
300 ## - PHYSICAL DESCRIPTION
Extent 154 p.
Other physical details PB
440 ## - SERIES STATEMENT/ADDED ENTRY--TITLE
Title Confessions of a Travelling Salesman
942 ## - ADDED ENTRY ELEMENTS (KOHA)
Source of classification or shelving scheme
Koha item type Book
Holdings
Withdrawn status Lost status Source of classification or shelving scheme Damaged status Not for loan Collection code Permanent Location Current Location Shelving location Date acquired Total Checkouts Full call number Barcode Date last seen Price effective from Koha item type
            Central Library (CL) Central Library (CL) Fiction 12/02/2015   813.54 LEA 1973 NBSD-2255 12/02/2015 12/02/2015 Book
© 2023 Central Library, National University of Sciences and Technology. All Rights Reserved.